000 00406nam a2200157Ia 4500
003 GCL
005 20240530095954.0
008 140319s9999 xx 000 0 eng d
040 _aGCL /
_cGCL
082 0 4 _a749
_bL F
100 1 _aSMITH-LUCIL, EDWARD
245 1 0 _aFURNITURE : A CONCISE HISTORY /
_cSMITH-LUCIL, EDWARD
260 _a[S.N] :
_bTHAMES AND HUDSON
650 0 4 _aFURNITURE
942 _2ddc
_cBK
999 _c12629
_d12629